000 00651cam a2200205 4500
001 WB3604-14
008 000000n2000 000 0 eng u
035 _a(Sirsi) u103844
245 _aHoming in on housing needs
260 _c2000
490 _aFinancial Times
_v 27 January 2000, 42(1)
520 _aGovernment projections show Cambridgeshire's population will grow by 25% by 2021. Discusses the findings of a panel of government inspectors.
590 _aWB
650 _aHOUSING PROVISION
650 _aHOUSEHOLD PROJECTIONS
650 _aCAMBRIDGESHIRE
650 _aPOPULATION GROWTH
690 _aHOUSING-DEVELOPMENT
942 _n0
999 _c62357
_d62357